Countries by Symbol - Statistics

General Stats
  • This quiz has been taken 82 times
  • The average score is 16 of 25
Answer Stats
Picture Answer % Correct
Canada
90%
Israel
90%
Lebanon
90%
Ireland
85%
South Korea
85%
China
81%
France
79%
India
79%
Iran
79%
Sri Lanka
75%
Barbados
74%
Mongolia
74%
Soviet Union
74%
Angola
71%
Papua New Guinea
66%
Lesotho
60%
New Zealand
60%
Vatican City
56%
Ukraine
49%
Japan
46%
Greece
43%
Vanuatu
37%
Scotland
31%
Eritrea
28%
Poland
21%
No matching quizzes found
Score Distribution
Percent of People with Each Score
Percentile by Number Answered
Your Score History
You have not taken this quiz